| 000 | 01552nam a2200469 i 4500 | ||
|---|---|---|---|
| 001 | 53443 | ||
| 003 | KOSZ 005 | ||
| 005 | 20200707134007.0 | ||
| 008 | 050620s2005 pl a f f |000 0 pol | ||
| 015 | _aPB 2005/12040 | ||
| 020 | _a8391814289 | ||
| 040 |
_aWA N _cWA N |
||
| 041 | 0 | _apol | |
| 046 | _k2005 | ||
| 080 | _a697 | ||
| 080 | _a683.9 | ||
| 080 | _a536 | ||
| 080 | _a(075.8) | ||
| 245 | 0 | 0 |
_aOgrzewnictwo praktyczne : _bprojektowanie, montaż, eksploatacja / _cpod red. Haliny Koczyk ; [aut. Halina Koczyk et al.]. |
| 260 |
_aPoznań : _b"Systherm Serwis", _c2005. |
||
| 300 |
_a479 s. : _bfot., mapy, rys., wykr. ; _c25 cm. |
||
| 336 |
_2rdacontent _aTekst _btxt |
||
| 337 |
_2rdamedia _aBez urządzenia pośredniczącego _bn |
||
| 338 |
_2rdacarrier _aWolumin _bnc |
||
| 380 | _aKsiążki | ||
| 380 | _aPublikacje fachowe | ||
| 380 | _aPublikacje dydaktyczne | ||
| 385 |
_mPoziom nauczania _aSzkoły wyższe |
||
| 388 | _a2001- | ||
| 504 | _aBibliogr. s. 473-478, wykaz norm s. 466-472. | ||
| 658 | _aArchitektura i budownictwo | ||
| 658 | _aInżynieria i technika | ||
| 655 | 4 | _aPodręczniki akademickie | |
| 650 | 4 | _aBudownictwo | |
| 650 | 4 | _aUrządzenia | |
| 650 | 4 | _aPrzewodnictwo cieplne | |
| 650 | 4 | _aOgrzewanie centralne | |
| 700 | 1 |
_aKoczyk, Halina _d(1948- ). _eRedakcja |
|
| 710 | 2 |
_aSystherm, Danuta Gazińska _4pbl |
|
| 856 |
_uhttp://koha.tu.koszalin.pl/cgi-bin/koha/opac-detail.pl?biblionumber=53443 _yKatalog online BPK |
||
| 942 |
_2UKD _cKS |
||
| 999 |
_c53443 _d53443 |
||